| 000 | 00882cam a2200289Li 4500 | ||
|---|---|---|---|
| 001 | 95326 | ||
| 005 | 20230410130519.0 | ||
| 008 | 830601s1981 sp b 000 0 spa d | ||
| 035 | _a(OCoLC)ocn503442181 | ||
| 040 |
_aZCU _cZCU |
||
| 020 | _a8420630675 | ||
| 020 | _a9788420630670 | ||
| 035 | _a(OCoLC)503442181 | ||
| 041 | 1 |
_aspa _hara |
|
| 050 | 1 | 4 |
_aPJ7755.I25 _bG216m 1981 |
| 049 | _aGRAL | ||
| 100 | 1 |
_aIbn Quzman, Muòhammad ibn Abd al-Malik, _d1080 (ca.)-1160. |
|
| 240 | 1 | 0 |
_aSelections. _lSpanish. _f1981 |
| 245 | 1 | 3 |
_aEl mejor Ben Quzman en 40 zegeles : _btraducidos en calco ritmico con un prologo / _cEmilio Garcia Gomez. |
| 260 |
_aMadrid : _bAlianza Editorial, _c1981. |
||
| 300 |
_a230 p. ; _c20 cm. |
||
| 504 | _aIncludes bibliographical references. | ||
| 700 | 1 |
_aGarcia Gomez, Emilio, _d1905- |
|
| 942 |
_2lcc _cbk |
||
| 994 |
_aC0 _bDRFGD |
||
| 946 | _anc | ||
| 999 |
_c75403 _d75403 |
||